| 000 | 00648cam a22002413a 4500 | ||
|---|---|---|---|
| 001 | 11774 | ||
| 003 | PGUSA | ||
| 005 | 20140828083240.0 | ||
| 008 | 040401s2004||||xxu|||||s|||||000 | eng d | ||
| 040 |
_aPGUSA _beng |
||
| 042 | _adc | ||
| 050 | 4 | _aHG | |
| 100 | 1 |
_aWithers, Hartley, _d1867-1950 |
|
| 245 | 1 | 0 |
_aInternational Finance _h[electronic resource] / _cHartley Withers |
| 260 |
_bProject Gutenberg, _c2004 |
||
| 506 | _aPublic domain in the USA. | ||
| 516 | _aElectronic text | ||
| 653 | _aDebts, Public | ||
| 653 | _aFinance | ||
| 830 | 0 |
_aProject Gutenberg _v11774 |
|
| 856 | 4 | 0 | _uhttp://www.gutenberg.org/ebooks/11774 |
| 942 | _cEB | ||
| 999 |
_c241029 _d241029 |
||